[Event "Portoroz op 11th"]
[Site "Portoroz"]
[Date "2017.07.27"]
[Round "7"]
[White "Marchesich, Giovanni"]
[Black "Starcic, Tadej"]
[Result "1-0"]
[WhiteElo "1795"]
[BlackElo "1996"]
[PlyCount "51"]
[EventDate "2017.07.22"]
[EventType "swiss"]
[EventRounds "9"]
[EventCountry "SLO"]
[SourceTitle "EXT 2018"]
[Source "ChessBase"]
[SourceDate "2017.10.13"]
[SourceVersion "1"]
[SourceVersionDate "2017.10.13"]
[SourceQuality "1"]

1. e4 c5 2. Nf3 d6 3. d4 cxd4 4. Nxd4 Nf6 5. Nc3 g6 6. Be3 Bg7 7. f3 0-0 8. Qd2 Nc6 9. Bc4 Bd7 10. 0-0-0 Rc8 11. Bb3 Ne5 12. h4 h5 13. Bg5 Rc5 14. Kb1 b5 15. g4 hxg4 16. h5 Nxh5 17. Nd5 Re8 18. Rxh5 gxh5 19. Qh2 a5 20. Qxh5 a4 21. Rh1 Ng6 22. Qh7+ Kf8 23. Bh6 Bxh6 24. Qxh6+ Kg8 25. Nxe7+ Qxe7 26. Qxg6+ 1-0

[Event "Portoroz op 10th"]
[Site "Portoroz"]
[Date "2016.07.25"]
[Round "4"]
[White "Kolesar, Milan"]
[Black "Starcic, Tadej"]
[Result "1-0"]
[WhiteElo "2187"]
[BlackElo "2022"]
[PlyCount "75"]
[EventDate "2016.07.23"]
[EventType "swiss"]
[EventRounds "9"]
[EventCountry "SLO"]
[SourceTitle "CBM 173 Extra"]
[Source "ChessBase"]
[SourceDate "2016.08.29"]
[SourceVersion "1"]
[SourceVersionDate "2016.08.29"]
[SourceQuality "1"]

1. Nf3 d5 2. d4 Nf6 3. c4 c6 4. Nc3 e6 5. e3 Nbd7 6. Bd3 dxc4 7. Bxc4 b5 8. Bd3 Bb7 9. e4 b4 10. Na4 c5 11. e5 Nd5 12. 0-0 cxd4 13. Re1 g6 14. Bg5 Qa5 15. Nxd4 h6 16. Bh4 Be7 17. Bxe7 Kxe7 18. Bb5 Rac8 19. a3 Rc7 20. Re4 Rhc8 21. axb4 Nxb4 22. Nxe6 Rc1 23. Rxc1 Rxc1 24. Qxc1 Bxe4 25. Nd4 Nd3 26. Qc3 Nb4 27. Bxd7 Kxd7 28. Nb3 Qd5 29. h3 Nd3 30. f3 Bf5 31. Nac5+ Ke8 32. Nxd3 Bxd3 33. Kh2 Bc4 34. Nd2 Bb5 35. Ne4 Qc6 36. Nd6+ Kd7 37. Qb3 Qc1 38. Qxb5+ 1-0

[Event "SLO-ch op"]
[Site "Ljubljana"]
[Date "2014.07.07"]
[Round "4"]
[White "Starcic, Tadej"]
[Black "Sajn, Simon"]
[Result "0-1"]
[WhiteElo "2085"]
[BlackElo "2039"]
[PlyCount "123"]
[EventDate "2014.07.04"]
[EventType "swiss"]
[EventRounds "9"]
[EventCountry "SLO"]
[SourceTitle "EXT 2019"]
[Source "ChessBase"]
[SourceDate "2018.10.10"]
[SourceVersion "1"]
[SourceVersionDate "2018.10.10"]
[SourceQuality "1"]

1. d4 Nf6 2. c4 d6 3. Nc3 g6 4. e4 Bg7 5. f3 0-0 6. Be3 c6 7. Bd3 e5 8. d5 Nh5 9. Nge2 f5 10. Qd2 Na6 11. 0-0-0 Qa5 12. Kb1 Nb4 13. Nc1 Nxd3 14. Nxd3 c5 15. Rhg1 f4 16. Bf2 a6 17. Ne2 Qc7 18. b4 b6 19. bxc5 bxc5 20. Ka1 Bd7 21. Nc3 Rab8 22. Rb1 Bf6 23. Rxb8 Rxb8 24. Rb1 Bd8 25. Be1 g5 26. Rxb8 Qxb8 27. Nd1 Nf6 28. g4 a5 29. Qb2 Qa7 30. Nc3 a4 31. Nb5 Qa6 32. Na3 Qa8 33. Qc3 Ne8 34. Nb2 Nc7 35. Nc2 Qb8 36. Nd3 Na8 37. Na3 Kf7 38. Qb2 Qa7 39. Qc3 Qa6 40. Kb1 Nb6 41. Kc2 Nc8 42. Nb2 Ne7 43. Kd3 Kf6 44. h4 Ng6 45. h5 Nh8 46. Bd2 Nf7 47. Nd1 Bc7 48. Qb2 Ke7 49. Nb5 Ba5 50. Bxa5 Qxa5 51. Ndc3 Nh6 52. Qa3 Nxg4 53. fxg4 Bxg4 54. h6 Bh3 55. Qc1 Qb4 56. Ne2 g4 57. Nbc3 Qb8 58. Qe1 Qf8 59. Qh4+ Kd7 60. Ng1 Bf1+ 61. Kc2 g3 62. Qg4+ 0-1

[Event "SLO-ch op"]
[Site "Ljubljana"]
[Date "2014.07.05"]
[Round "2"]
[White "Starcic, Tadej"]
[Black "Srebrnic, Marko"]
[Result "0-1"]
[WhiteElo "2085"]
[BlackElo "2333"]
[PlyCount "62"]
[EventDate "2014.07.04"]
[EventType "swiss"]
[EventRounds "9"]
[EventCountry "SLO"]
[SourceTitle "EXT 2019"]
[Source "ChessBase"]
[SourceDate "2018.10.10"]
[SourceVersion "1"]
[SourceVersionDate "2018.10.10"]
[SourceQuality "1"]

1. d4 Nf6 2. c4 d6 3. Nc3 Bf5 4. f3 e5 5. e4 exd4 6. Qxd4 Nc6 7. Qd2 Be6 8. b3 g6 9. Bb2 Bg7 10. Nge2 0-0 11. 0-0-0 a6 12. Kb1 Nd7 13. h4 b5 14. Nf4 b4 15. Ncd5 Nce5 16. Qxb4 a5 17. Qc3 a4 18. Nd3 Bxd5 19. cxd5 Bf6 20. Qc2 axb3 21. axb3 Qb8 22. Nxe5 Bxe5 23. Bxe5 Nxe5 24. Be2 Ra3 25. Kb2 Qa7 26. Ra1 Ra8 27. Rxa3 Qxa3+ 28. Kc3 Qc5+ 29. Bc4 Nxc4 30. bxc4 Qe3+ 31. Kb2 Qa3+ 0-1

[Event "SLO-chT 22th"]
[Site "Ljubljana"]
[Date "2012.12.02"]
[Round "6"]
[White "Starcic, Tadej"]
[Black "Nerat, Ivan"]
[Result "0-1"]
[WhiteElo "2094"]
[BlackElo "2035"]
[PlyCount "104"]
[EventDate "2012.11.23"]
[EventType "team-tourn"]
[EventRounds "9"]
[EventCountry "SLO"]
[SourceTitle "CBM 151 Extra"]
[Source "ChessBase"]
[SourceDate "2012.12.18"]
[SourceVersion "1"]
[SourceVersionDate "2012.12.18"]
[SourceQuality "1"]
[WhiteTeam "Ljubljana Vidmar"]
[BlackTeam "Lendava Rokada"]
[WhiteTeamCountry "SVK"]
[BlackTeamCountry "SLO"]

1. d4 e6 2. c4 f5 3. Nf3 Nf6 4. g3 d5 5. Bg2 c6 6. 0-0 Bd6 7. Qc2 0-0 8. Bf4 Ne4 9. Nc3 g5 10. Bxd6 Nxd6 11. c5 Nf7 12. b4 Qf6 13. Rad1 Nd7 14. Ne1 Qg6 15. f4 gxf4 16. gxf4 Qh6 17. Rd3 Nh8 18. Rh3 Qg7 19. e3 b5 20. Kh1 a5 21. Nd3 Nf6 22. Rg1 Ng6 23. Bf3 axb4 24. Nxb4 Bd7 25. Rhg3 Qh6 26. Nd3 Kf7 27. a4 Ne4 28. Bxe4 fxe4 29. Ne5+ Nxe5 30. fxe5 b4 31. Ne2 Rg8 32. Nf4 Rxg3 33. Rxg3 Rg8 34. Kg2 Rb8 35. Qb3 Bc8 36. Rh3 Qg7+ 37. Rg3 Qh6 38. Rh3 Qg5+ 39. Rg3 Qh4 40. Rh3 Qe1 41. Rxh7+ Kg8 42. Rc7 Ba6 43. Kh3 Bd3 44. Qb2 Qxe3+ 45. Kg4 Qf3+ 46. Kg5 Rf8 47. Rg7+ Kxg7 48. Nxe6+ Kf7 49. Nxf8 Be2 50. e6+ Kxf8 51. a5 Kg7 52. e7 Qg4# 0-1

[Event "Lucija op 3rd"]
[Site "Lucija"]
[Date "2011.08.18"]
[Round "7"]
[White "Ivanovic, Andrej"]
[Black "Starcic, Tadej"]
[Result "1-0"]
[WhiteElo "2001"]
[BlackElo "2091"]
[PlyCount "125"]
[EventDate "2011.08.14"]
[EventType "swiss"]
[EventRounds "9"]
[EventCountry "SLO"]
[SourceTitle "EXT 2012"]
[Source "ChessBase"]
[SourceDate "2011.11.24"]
[SourceVersion "1"]
[SourceVersionDate "2011.11.24"]
[SourceQuality "1"]

1. d4 d5 2. Bf4 Nf6 3. e3 c5 4. c3 e6 5. Nf3 Bd6 6. Bg3 Nc6 7. Bb5 Bxg3 8. hxg3 Qb6 9. Qe2 Bd7 10. Na3 0-0 11. Bxc6 Bxc6 12. Ne5 Ne4 13. Qh5 h6 14. Rb1 f5 15. Qh4 cxd4 16. exd4 Qd8 17. Nc2 Be8 18. Qxd8 Rxd8 19. Rh3 f4 20. gxf4 Rxf4 21. f3 Nd6 22. Ne3 Kh7 23. Kd2 a5 24. g4 g5 25. Rbh1 Rf6 26. Kc2 Nf7 27. Nxf7 Bxf7 28. Nd1 Kg7 29. Nf2 Rh8 30. Re1 Bg6+ 31. Kb3 b6 32. Re3 Rhf8 33. Nd3 Rb8 34. Ne5 Be8 35. Re2 Bb5 36. Reh2 Rh8 37. Kc2 Be8 38. Kd2 Bb5 39. Ke3 Be8 40. Rf2 Rhf8 41. Rh1 Rh8 42. b3 b5 43. Rc1 h5 44. gxh5 Rxh5 45. Rg1 Kh7 46. Rfg2 Rf5 47. Ke2 Kh6 48. Ng4+ Kh7 49. Ne3 Rf4 50. Rxg5 Rh2+ 51. R1g2 Rxg2+ 52. Nxg2 Rf6 53. Ke3 Bg6 54. Nf4 Bb1 55. Rg2 Rh6 56. a4 bxa4 57. bxa4 Rh1 58. Rb2 Bf5 59. Rb5 Rc1 60. Rc5 Bc2 61. Rxa5 Ra1 62. Nxe6 Bxa4 63. Kf4 1-0

[Event "Lucija op 3rd"]
[Site "Lucija"]
[Date "2011.08.14"]
[Round "1"]
[White "Kosanovic, Milan"]
[Black "Starcic, Tadej"]
[Result "0-1"]
[WhiteElo "1645"]
[BlackElo "2091"]
[PlyCount "36"]
[EventDate "2011.08.14"]
[EventType "swiss"]
[EventRounds "9"]
[EventCountry "SLO"]
[SourceTitle "EXT 2012"]
[Source "ChessBase"]
[SourceDate "2011.11.24"]
[SourceVersion "1"]
[SourceVersionDate "2011.11.24"]
[SourceQuality "1"]

1. e4 e6 2. d4 d5 3. Nc3 Bb4 4. exd5 exd5 5. Bd2 Nc6 6. a3 Ba5 7. Nce2 Nf6 8. Bxa5 Nxa5 9. f3 0-0 10. Qd3 Re8 11. b3 Qe7 12. g4 b6 13. h4 c5 14. dxc5 bxc5 15. Qd2 Qe5 16. Qxa5 Qxa1+ 17. Kf2 Bxg4 18. Kg3 Qxf1 0-1

[Event "Lucija op 3rd"]
[Site "Lucija"]
[Date "2011.08.14"]
[Round "2"]
[White "Starcic, Tadej"]
[Black "Habjan, Marko"]
[Result "0-1"]
[WhiteElo "2091"]
[BlackElo "1942"]
[PlyCount "88"]
[EventDate "2011.08.14"]
[EventType "swiss"]
[EventRounds "9"]
[EventCountry "SLO"]
[SourceTitle "EXT 2012"]
[Source "ChessBase"]
[SourceDate "2011.11.24"]
[SourceVersion "1"]
[SourceVersionDate "2011.11.24"]
[SourceQuality "1"]

1. d4 Nf6 2. c4 d6 3. Nc3 Bf5 4. f3 e5 5. e4 exd4 6. Qxd4 Nc6 7. Qf2 Be6 8. Nh3 Ne5 9. b3 c6 10. Nf4 g6 11. Bb2 Qa5 12. Rd1 Rd8 13. Bd3 Nxd3+ 14. Rxd3 d5 15. exd5 cxd5 16. cxd5 Nxd5 17. Nfxd5 Bxd5 18. Qd4 Be6 19. Qxd8+ Qxd8 20. Rxd8+ Kxd8 21. Ne4 Bb4+ 22. Ke2 Re8 23. Rd1+ Kc8 24. Rc1+ Kb8 25. Be5+ Ka8 26. f4 h6 27. Nf6 Rd8 28. Bc3 Ba3 29. Rd1 Rc8 30. Be5 Be7 31. h3 g5 32. fxg5 hxg5 33. Ne4 g4 34. Nf2 gxh3 35. gxh3 b6 36. Rd2 Bh4 37. Ng4 Bg5 38. Rb2 Bc1 39. Rb1 Bf5 40. Ra1 Bg5 41. Kf3 Rc2 42. b4 Be6 43. a3 Bd5+ 44. Kg3 Rg2# 0-1

[Event "SLO-chT"]
[Site "Slovenia"]
[Date "2011.06.11"]
[Round "8"]
[White "Simic, Dragan"]
[Black "Starcic, Tadej"]
[Result "1/2-1/2"]
[WhiteElo "2310"]
[BlackElo "2106"]
[PlyCount "20"]
[EventDate "2011.05.27"]
[EventType "team-tourn"]
[EventRounds "9"]
[EventCountry "SLO"]
[SourceTitle "CBM 142 Extra"]
[Source "ChessBase"]
[SourceDate "2011.06.27"]
[SourceVersion "1"]
[SourceVersionDate "2011.06.27"]
[SourceQuality "1"]
[WhiteTeam "Maribor Branik"]
[BlackTeam "Milan Vidmar"]
[WhiteTeamCountry "SLO"]
[BlackTeamCountry "SLO"]

1. e4 e6 2. d4 d5 3. Nd2 Nf6 4. e5 Nfd7 5. f4 c5 6. c3 Nc6 7. Ndf3 Qb6 8. h4 f6 9. Bd3 cxd4 10. cxd4 Bb4+ 1/2-1/2

[Event "SLO-chT"]
[Site "Slovenia"]
[Date "2011.06.03"]
[Round "4"]
[White "Starcic, Tadej"]
[Black "Roskar, Robert"]
[Result "0-1"]
[WhiteElo "2106"]
[BlackElo "2279"]
[PlyCount "110"]
[EventDate "2011.05.27"]
[EventType "team-tourn"]
[EventRounds "9"]
[EventCountry "SLO"]
[SourceTitle "CBM 142 Extra"]
[Source "ChessBase"]
[SourceDate "2011.06.27"]
[SourceVersion "1"]
[SourceVersionDate "2011.06.27"]
[SourceQuality "1"]
[WhiteTeam "Milan Vidmar"]
[BlackTeam "Ptuj"]
[WhiteTeamCountry "SLO"]
[BlackTeamCountry "SLO"]

1. d4 Nf6 2. c4 e6 3. Nc3 Bb4 4. e3 b6 5. Nge2 0-0 6. a3 Be7 7. Ng3 d5 8. cxd5 Nxd5 9. Bd3 Bb7 10. 0-0 Nd7 11. e4 Nxc3 12. bxc3 c5 13. Be3 e5 14. d5 Bg5 15. Qd2 Bxe3 16. Qxe3 Bc8 17. Rfd1 Nf6 18. Bb5 Qd6 19. h3 h6 20. a4 Rb8 21. Qe2 g6 22. Ba6 Bd7 23. Bb5 Bc8 24. Ba6 Bd7 25. Bb5 Ne8 26. Ra2 Nc7 27. Bxd7 Qxd7 28. c4 Ne8 29. Qg4 Qxg4 30. hxg4 Nd6 31. Rc2 Kg7 32. f3 Kf6 33. Kf2 Kg5 34. Rh1 Rb7 35. Ke3 Rh8 36. Ne2 h5 37. gxh5 f5 38. exf5 gxf5 39. f4+ Kf6 40. fxe5+ Kxe5 41. Nf4 Rh6 42. Kf3 Rg7 43. g3 Ne4 44. Rg1 Rg4 45. Ng6+ Kf6 46. Nf4 Rh7 47. Re2 Re7 48. Rc2 Ng5+ 49. Kf2 Re4 50. Rh1 Re8 51. Rg1 Rg8 52. Ne2 Nh3+ 53. Kg2 Nxg1 54. Kxg1 f4 55. d6 f3 0-1

[Event "SLO-chT1 West"]
[Site "Ljubljana"]
[Date "2010.10.15"]
[Round "7.6"]
[White "Starcic, Tadej"]
[Black "Ivetic, Saso"]
[Result "1-0"]
[WhiteElo "2131"]
[BlackElo "2016"]
[PlyCount "109"]
[EventDate "2010.09.24"]
[EventType "team-tourn"]
[EventRounds "9"]
[EventCountry "SLO"]
[SourceTitle "CBM 138 Extra"]
[Source "ChessBase"]
[SourceDate "2010.10.29"]
[SourceVersion "1"]
[SourceVersionDate "2010.10.29"]
[SourceQuality "1"]
[WhiteTeam "Ljubljana Vidmar"]
[BlackTeam "Kocevje"]
[WhiteTeamCountry "SLO"]
[BlackTeamCountry "SLO"]

1. d4 c5 2. d5 e6 3. e4 exd5 4. exd5 d6 5. Nc3 Nf6 6. Nf3 Be7 7. Be2 0-0 8. 0-0 Na6 9. Re1 Nc7 10. a4 Re8 11. h3 h6 12. Bf4 Bf5 13. Bc4 Bf8 14. Rxe8 Ncxe8 15. Nd2 Nc7 16. Nf1 b6 17. Ne3 Bg6 18. Bd3 Bxd3 19. Qxd3 a6 20. Rb1 Qd7 21. b4 Nce8 22. Nc4 Qc7 23. bxc5 bxc5 24. a5 g6 25. Rb6 Nd7 26. Rc6 Qb8 27. Nb6 Nxb6 28. Rxb6 Qc8 29. Ne4 Qd7 30. Nd2 Qa4 31. Nc4 Qa1+ 32. Kh2 Qf6 33. Be3 Qe7 34. Bf4 Qf6 35. Be3 Qe7 36. g3 Qd8 37. Bf4 g5 38. Bc1 Qf6 39. Kg2 Qe7 40. Bb2 Bg7 41. Bxg7 Kxg7 42. Ne3 Qf6 43. Rxa6 Rb8 44. Rb6 Ra8 45. a6 Kg8 46. Ng4 Qg7 47. Qf5 h5 48. Ne3 Qe5 49. Rc6 Kg7 50. Qxe5+ dxe5 51. Nc4 Nf6 52. d6 Nd7 53. Rc7 Nb8 54. a7 Na6 55. Rb7 1-0

[Event "SLO-chT1 West"]
[Site "Ljubljana"]
[Date "2010.10.09"]
[Round "5.6"]
[White "Starcic, Tadej"]
[Black "Jeraj, Zlatko"]
[Result "0-1"]
[WhiteElo "2131"]
[BlackElo "2099"]
[PlyCount "102"]
[EventDate "2010.09.24"]
[EventType "team-tourn"]
[EventRounds "9"]
[EventCountry "SLO"]
[SourceTitle "CBM 138 Extra"]
[Source "ChessBase"]
[SourceDate "2010.10.29"]
[SourceVersion "1"]
[SourceVersionDate "2010.10.29"]
[SourceQuality "1"]
[WhiteTeam "Ljubljana Vidmar"]
[BlackTeam "Jesenice"]
[WhiteTeamCountry "SLO"]
[BlackTeamCountry "SLO"]

1. d4 Nf6 2. c4 g6 3. Nc3 Bg7 4. e4 d6 5. f3 0-0 6. Be3 e5 7. d5 Nbd7 8. Qd2 a6 9. Bd3 Nc5 10. Bc2 Qe8 11. b4 Ncd7 12. Nge2 Kh8 13. 0-0 Ng8 14. c5 f5 15. exf5 gxf5 16. f4 e4 17. cxd6 cxd6 18. Nd4 Ndf6 19. Bb3 Ng4 20. Nce2 Qh5 21. h3 Nxe3 22. Qxe3 Bd7 23. Rad1 Ne7 24. Ne6 Rg8 25. N2d4 Bf6 26. Kh2 Rg6 27. Rd2 Rag8 28. Ng5 Rxg5 29. fxg5 Bxg5 30. Qe2 Qh6 31. Rdd1 Be3 32. Ne6 Bxe6 33. dxe6 Bf4+ 34. Kh1 Be5 35. Qd2 Qg6 36. g4 fxg4 37. h4 Qh5 38. Qe1 g3 39. Kg2 Qxh4 40. Rh1 Qg4 41. Qf1 Nf5 42. e7 Ne3+ 43. Kg1 Nxf1 44. Bxg8 Qxd1 45. Rxh7+ Kxg8 46. e8Q+ Kxh7 47. Qf7+ Kh6 48. Qf8+ Kg6 49. Qe8+ Kf5 50. Qd7+ Kf4 51. Qf7+ Ke3 0-1

[Event "SLO-chT1 West"]
[Site "Ljubljana"]
[Date "2010.10.08"]
[Round "4.6"]
[White "Juhant, Igor"]
[Black "Starcic, Tadej"]
[Result "1/2-1/2"]
[WhiteElo "1931"]
[BlackElo "2131"]
[PlyCount "48"]
[EventDate "2010.09.24"]
[EventType "team-tourn"]
[EventRounds "9"]
[EventCountry "SLO"]
[SourceTitle "CBM 138 Extra"]
[Source "ChessBase"]
[SourceDate "2010.10.29"]
[SourceVersion "1"]
[SourceVersionDate "2010.10.29"]
[SourceQuality "1"]
[WhiteTeam "Komenda"]
[BlackTeam "Ljubljana Vidmar"]
[WhiteTeamCountry "SLO"]
[BlackTeamCountry "SLO"]

1. e4 e6 2. d4 d5 3. Nc3 Bb4 4. e5 c5 5. a3 Bxc3+ 6. bxc3 Ne7 7. Nf3 Bd7 8. Be2 Ba4 9. Rb1 Qc7 10. Bd3 c4 11. Be2 Nbc6 12. 0-0 0-0-0 13. Ng5 Rdf8 14. Bg4 Nd8 15. f4 h6 16. Nh3 g6 17. Kh1 Kb8 18. Rb4 Qd7 19. Bd2 a5 20. Rb6 Ndc6 21. Ng1 Ka7 22. Rb2 Nf5 23. Nf3 Nce7 24. Qe2 h5 1/2-1/2

[Event "Kranj op 1st"]
[Site "Kranj"]
[Date "2004.05.08"]
[Round "2"]
[White "Kuljasevic, Davorin"]
[Black "Starcic, Tadej"]
[Result "1-0"]
[WhiteElo "2408"]
[BlackElo "2147"]
[PlyCount "81"]
[EventDate "2004.05.07"]
[EventType "swiss"]
[EventRounds "9"]
[EventCountry "SLO"]
[SourceTitle "CBM 100 Extra"]
[Source "ChessBase"]
[SourceDate "2004.07.06"]
[SourceVersion "2"]
[SourceVersionDate "2004.07.06"]
[SourceQuality "1"]

1. d4 d5 2. c4 c6 3. Nf3 Nf6 4. Nc3 e6 5. e3 Nbd7 6. Qc2 Bd6 7. Be2 0-0 8. 0-0 e5 9. cxd5 cxd5 10. Nb5 Bb8 11. dxe5 Nxe5 12. Bd2 Bg4 13. Nbd4 Qe7 14. Rfd1 Rd8 15. Bc3 Ne4 16. Nxe5 Bxe2 17. Nxe2 Bxe5 18. Bxe5 Qxe5 19. Rd4 Rd6 20. Rad1 Rad8 21. Nf4 g5 22. Nd3 Qe6 23. Qc7 R6d7 24. Qa5 b6 25. Qb5 a5 26. Rc1 Rd6 27. b4 Ra8 28. bxa5 Rxa5 29. Qb2 Nc5 30. Nb4 Qd7 31. Rcd1 Ne6 32. R4d2 Rc5 33. h3 Qd8 34. Nc2 Rc4 35. Na3 Rc5 36. Nb5 Rd7 37. Nd4 Rc4 38. Nf5 Rc5 39. Nh6+ Kf8 40. Qh8+ Ke7 41. Nf5# 1-0

[Event "SLO-chT2W"]
[Site "Bled"]
[Date "2003.11.15"]
[Round "7"]
[White "Starcic, Tadej"]
[Black "Ivanusa, Blaz"]
[Result "1-0"]
[WhiteElo "2165"]
[BlackElo "2029"]
[PlyCount "87"]
[EventDate "2003.11.07"]
[EventType "team-tourn"]
[EventRounds "8"]
[EventCountry "SLO"]
[SourceTitle "EXT 2005"]
[Source "ChessBase"]
[SourceDate "2004.11.15"]
[SourceVersion "1"]
[SourceVersionDate "2004.11.15"]
[SourceQuality "1"]

1. d4 d5 2. c4 e6 3. Nc3 Be7 4. Nf3 Nf6 5. Bg5 0-0 6. e3 h6 7. Bh4 b6 8. cxd5 Nxd5 9. Bxe7 Qxe7 10. Nxd5 exd5 11. Bd3 Be6 12. Rc1 c5 13. dxc5 bxc5 14. 0-0 Rc8 15. e4 d4 16. Qe2 Nd7 17. Ba6 Rcb8 18. b3 Rb6 19. h3 Bxh3 20. gxh3 Qe6 21. Bd3 Qxh3 22. e5 Re8 23. Nh2 Nxe5 24. f3 Rbe6 25. Be4 Kh8 26. Qg2 Qh4 27. Kh1 Qf4 28. Rg1 g5 29. Rxc5 f5 30. Bb1 d3 31. Rd5 Qe3 32. Qb2 Kg8 33. Rf1 Rc8 34. Qd4 Qe2 35. Bxd3 Nxd3 36. Qxd3 Qxa2 37. Qxf5 Rce8 38. Rd7 R8e7 39. Rd8+ Kg7 40. Rd3 Re2 41. Ng4 Re1 42. Qf6+ Kg8 43. Rd8+ Re8 44. Rxe1 1-0

[Event "SLO-chT2W"]
[Site "Bled"]
[Date "2003.11.08"]
[Round "2"]
[White "Starcic, Tadej"]
[Black "Jansa, Andrej"]
[Result "0-1"]
[WhiteElo "2165"]
[BlackElo "2033"]
[PlyCount "204"]
[EventDate "2003.11.07"]
[EventType "team-tourn"]
[EventRounds "8"]
[EventCountry "SLO"]
[SourceTitle "EXT 2005"]
[Source "ChessBase"]
[SourceDate "2004.11.15"]
[SourceVersion "1"]
[SourceVersionDate "2004.11.15"]
[SourceQuality "1"]

1. d4 d6 2. c4 g6 3. Nc3 Bg7 4. e4 c6 5. Be3 Nf6 6. f3 Nbd7 7. Qd2 a6 8. Bd3 Qa5 9. Nge2 b5 10. a3 Rb8 11. b4 Qc7 12. 0-0 0-0 13. Rac1 Qd8 14. Rfd1 Ne8 15. Qa2 Kh8 16. c5 Bb7 17. Rd2 Rc8 18. Ng3 Ba8 19. Nce2 e6 20. Rf1 Bb7 21. Bc2 Qe7 22. Bb3 a5 23. f4 Ra8 24. Qc2 axb4 25. axb4 Nc7 26. Rd3 d5 27. e5 Ra3 28. Qb2 Rfa8 29. Bd2 Ne8 30. Kh1 h5 31. Ng1 Nf8 32. Nf3 Nh7 33. Ne2 Bf8 34. h3 Ng7 35. g4 Qd8 36. Ng3 Be7 37. Kg2 Bc8 38. Rc3 Kg8 39. Rcc1 Bb7 40. Rc2 Bc8 41. Rc3 Bb7 42. Rcc1 Bc8 43. Rf2 Bb7 44. Rb1 R8a7 45. Qc2 Bc8 46. Rff1 Bd7 47. Bc1 R3a6 48. Bb2 Rb7 49. Qd3 Bh4 50. Ne2 Be7 51. Rg1 Kh8 52. Ng3 Bh4 53. Kh2 Bxg3+ 54. Rxg3 Rb8 55. Rbg1 Qe7 56. R3g2 Ra7 57. Bc1 Rba8 58. Bb2 Rg8 59. Bc2 Ra2 60. Bb1 Ra4 61. Qd2 Qf8 62. Kh1 Bc8 63. Qe1 Qe7 64. Rh2 Bd7 65. Rhg2 Bc8 66. Nh4 Nf8 67. f5 exf5 68. gxf5 Ne8 69. Kh2 Ra7 70. fxg6 fxg6 71. Nxg6+ Nxg6 72. Rxg6 Rxg6 73. Rxg6 Ng7 74. Qf2 Be6 75. Rh6+ Kg8 76. Bh7+ Kh8 77. Bg6+ Kg8 78. Bh7+ Kh8 79. Bb1+ Kg8 80. Rf6 Ra4 81. Bc3 Ra3 82. Qb2 Ra7 83. Bd2 Qd7 84. Qc3 Bf5 85. e6 Qc7+ 86. Qg3 Qxg3+ 87. Kxg3 Bxb1 88. Kf4 Re7 89. Ke5 Ne8 90. Rh6 Rg7 91. Rxh5 Rg2 92. Be3 Bg6 93. Rh4 Rg3 94. Kf4 Rg2 95. Rh6 Kg7 96. Rh4 Kf6 97. Kf3 Rb2 98. Rh6 Kg7 99. e7 Rb3 100. Rh4 Kf6 101. Rh6 Nc7 102. h4 Rxe3+ 0-1

[Event "Bled op 24th"]
[Site "Bled"]
[Date "2003.07.16"]
[Round "3"]
[White "Starcic, Tadej"]
[Black "Muri, Emil"]
[Result "1-0"]
[WhiteElo "2178"]
[BlackElo "2046"]
[PlyCount "85"]
[EventDate "2003.07.14"]
[EventType "swiss"]
[EventRounds "9"]
[EventCountry "SLO"]
[SourceTitle "CBM 095 Extra"]
[Source "ChessBase"]
[SourceDate "2003.09.04"]
[SourceVersion "1"]
[SourceVersionDate "2003.09.04"]
[SourceQuality "1"]

1. d4 Nf6 2. c4 d6 3. Nc3 e5 4. Nf3 Nc6 5. d5 Ne7 6. e4 Ng6 7. g3 Be7 8. Bg2 0-0 9. 0-0 Ne8 10. h4 Bg4 11. Qd3 Qd7 12. Nh2 Bh3 13. h5 Nh8 14. f4 Bxg2 15. Kxg2 f6 16. Be3 Nf7 17. f5 c5 18. Rab1 a5 19. b3 Nc7 20. Rf2 Na6 21. Qe2 Ng5 22. h6 g6 23. Rbf1 Nf7 24. fxg6 hxg6 25. Qg4 Qxg4 26. Nxg4 Kh7 27. Nxf6+ Kh8 28. Nd7 Kg8 29. Nxf8 Rxf8 30. Nb5 b6 31. a3 g5 32. h7+ Kg7 33. h8Q+ Nxh8 34. Rxf8 Bxf8 35. Bxg5 Nf7 36. Bh4 Kg6 37. Rf6+ Kg7 38. Re6 Nb8 39. Be7 Nd7 40. Nxd6 Nxd6 41. Bxf8+ Nxf8 42. Rxd6 Nh7 43. Rd7+ 1-0

[Event "Ljubljana op 14th"]
[Site "Ljubljana"]
[Date "2003.06.22"]
[Round "2"]
[White "Jovanic, Ognjen"]
[Black "Starcic, Tadej"]
[Result "1-0"]
[WhiteElo "2423"]
[BlackElo "2178"]
[PlyCount "129"]
[EventDate "2003.06.21"]
[EventType "swiss"]
[EventRounds "9"]
[EventCountry "SLO"]
[SourceTitle "EXT 2004"]
[Source "ChessBase"]
[SourceDate "2003.11.25"]
[SourceVersion "1"]
[SourceVersionDate "2003.11.25"]
[SourceQuality "1"]

1. d4 Nf6 2. c4 g6 3. Nc3 Bg7 4. e4 d6 5. Nf3 0-0 6. h3 e5 7. d5 Nh5 8. Nh2 Qe8 9. Be2 Nf4 10. Bf3 Na6 11. Be3 f5 12. Qd2 Nb4 13. 0-0-0 Nfd3+ 14. Kb1 f4 15. a3 fxe3 16. Qxe3 Nxb2 17. Kxb2 Na6 18. Ka2 Bd7 19. Bg4 Nc5 20. Rd2 Rf7 21. Rb1 a6 22. Nf3 b6 23. Bxd7 Qxd7 24. Ne1 Raf8 25. Rbb2 Rf4 26. Nd3 Nxd3 27. Rxd3 Qf7 28. Nd1 Bh6 29. Qe2 Rf6 30. Rg3 Bf4 31. Rd3 Bh6 32. Rc2 Qd7 33. Rb3 Bf4 34. Nb2 Bh6 35. Nd3 a5 36. Qe1 Re8 37. Nb2 Rf7 38. Rg3 Kg7 39. Qe2 Bf4 40. Rf3 Bh6 41. Rxf7+ Kxf7 42. Rc3 Kg7 43. Rf3 Rf8 44. Kb3 Bf4 45. Qd3 Bh6 46. Rxf8 Kxf8 47. Qf3+ Kg7 48. Nd1 Bd2 49. Kc2 Bf4 50. Nc3 Bh6 51. Kb3 Bg5 52. Nb5 h5 53. Na7 Qf7 54. Qxf7+ Kxf7 55. Ka4 Ke8 56. Nc6 Kd7 57. c5 bxc5 58. Kxa5 Bh4 59. g3 Bg5 60. Kb5 Kc8 61. h4 Bd2 62. Ne7+ Kb7 63. Nxg6 Be1 64. f4 Bxg3 65. f5 1-0

[Event "SLO-chT 12th"]
[Site "Bled"]
[Date "2002.11.21"]
[Round "5"]
[White "Podkriznik, Gregor"]
[Black "Starcic, Tadej"]
[Result "1-0"]
[WhiteElo "2338"]
[BlackElo "2205"]
[PlyCount "57"]
[EventDate "2002.11.18"]
[EventType "team-tourn"]
[EventRounds "9"]
[EventCountry "SLO"]
[SourceTitle "EXT 2005"]
[Source "ChessBase"]
[SourceDate "2004.11.15"]
[SourceVersion "1"]
[SourceVersionDate "2004.11.15"]
[SourceQuality "1"]
[WhiteTeam "Ptuj"]
[BlackTeam "Ljubljana Vidmar"]
[WhiteTeamCountry "SLO"]
[BlackTeamCountry "SVK"]

1. d4 Nf6 2. c4 g6 3. Nc3 Bg7 4. e4 d6 5. Nge2 0-0 6. f3 c5 7. Be3 Nc6 8. d5 Ne5 9. Ng3 e6 10. Be2 exd5 11. cxd5 a6 12. a4 Re8 13. 0-0 Rb8 14. Qd2 Qc7 15. h3 h5 16. f4 Ned7 17. e5 dxe5 18. f5 Nf8 19. Bc4 Kh7 20. d6 Qd7 21. fxg6+ fxg6 22. Nge4 Nxe4 23. Nxe4 b5 24. Ng5+ Kh8 25. Nf7+ Kh7 26. Bh6 bxc4 27. Bxg7 Qf5 28. Qh6+ Kg8 29. Ng5 1-0